MARC

LEADER 00000nab a2200000 ar4500
001 vtls011882766
003 SK-MaSNL
005 20260303100405.0
008 190821c2018 xo mr|p|||||||000 b|slo
038 |a SNSK 
040 |a SNSK  |b slo  |e rda  |c SK 
041 |a slo 
043 |a e-xo- - - 
044 |a xo  |c SK 
080 |a 373.3  |2 2011 
100 1 |a Mrázová, Eva  |4 aut  |9 580316 
245 1 0 |a Riaditeľka školy informuje  |c Eva Mrázová 
300 |b Fotografie 
610 2 7 |a Základná škola (Margecany, Slovensko)  |2 snsk  |9 1066669 
648 7 |a október-december 2018  |2 snsk  |9 1110977 
650 0 7 |a činnosť školy  |2 snsk  |9 1026971 
650 0 7 |a účasť žiakov  |2 snsk  |9 1110978 
651 7 |a Margecany (Slovensko)  |2 snsk  |9 43538 
651 7 |a Gelnica (Slovensko : okres)  |2 snsk  |9 168677 
773 0 |t Hlásnik : informačný spravodajca občanov Margecian  |g Č. 4 (2018), s. 4-5  |x 1339-3812 
852 |a SNSK  |b KIS3GCP 
856 4 1 |u https://www.margecany.info/o-obci/hlasnik/ 
999 |c 1832913  |d 1834843